« Retourner aux résultats de recherche
Quatre comédies à lire et à jouer
| Auteur principal: | Molière |
|---|---|
| D'autres auteurs: | Dominique Guerrini Tony Johannot |
| Support: | Livres |
| Langue: | Francais |
| Publié: |
1986 Ecole des loisirs Paris |
| Genre: |
Documentaire jeunesse |
| Collection: |
Nouvelles et romans de l'Ecole des loisirs |
| Sujets: | |
| Étiquettes: |
Ajouter
Pas de Tags !
|
| LEADER | 01121nam0a2200277 450 | ||
|---|---|---|---|
| 001 | 16823379 | ||
| 010 | |a 2-211-02406-8 |b Br. |d 35 F | ||
| 100 | |a 19940831d1986 u u0frey01 ba | ||
| 101 | 0 | |a fre | |
| 102 | |a FR | ||
| 200 | 0 | |a Quatre comédies à lire et à jouer |f Molière |g choix, présentation et commentaires de Dominique Guerrini - ill. de Tony Johannot | |
| 207 | 1 | |a | |
| 210 | |a Paris |b 11, rue de Sèvres |c Ecole des loisirs |d 1986 | ||
| 215 | |a 120 p. |c ill., couv. ill. |d 19 cm | ||
| 225 | 1 | |a Nouvelles et romans de l'Ecole des loisirs | |
| 327 | |a La Jalousie du barbouillé,Le Médecin volant,Le Mariage forcé,La Comtesse d'Escarbagnas | ||
| 464 | |a La Jalousie du barbouillé | ||
| 464 | |a Le Médecin volant | ||
| 464 | |a Le Mariage forcé | ||
| 464 | |a La Comtesse d'Escarbagnas | ||
| 700 | 0 | |a Molière |f 1622-1673 |4 70 | |
| 702 | 0 | |a Guerrini |b Dominique |4 340 | |
| 702 | 0 | |a Johannot |b Tony |4 440 | |
| 900 | |a Documentaire jeunesse | ||
| 901 | |a Réserve | ||
| 995 | |a Bibliothèque |c Bibliothèque |f 00156001411875 |h 00156001411875 |k E 842 MOL |o p |q j |r az |u Réserve. Vérifier la pastille sur la cote |e Bibliothèque | ||
